| 000 | 00422nam a2200169 4500 | ||
|---|---|---|---|
| 005 | 20260420103235.0 | ||
| 008 | 260420b |||||||| |||| 00| 0 eng d | ||
| 020 | _cRs. 220.00 | ||
| 040 | _aMAIN | ||
| 082 |
_a294.592309 _bB469D |
||
| 100 | _aBhattacharya, A N | ||
| 245 | _aDharma-adharma and morality in Mahabharata | ||
| 260 |
_aDelhi _bS S Publishers _c1992 |
||
| 300 | _a192 | ||
| 650 | _aReligion | ||
| 942 | _cBK | ||
| 999 |
_c397316 _d397316 |
||